Adult health nursing. (7th edition) (Record no. 63657)

MARC details
000 -LEADER
fixed length control field 01453nam a2200241 a 4500
008 - FIXED-LENGTH DATA ELEMENTS--GENERAL INFORMATION
fixed length control field 201029s2015 ||||||||||||||||| || u
020 ## - INTERNATIONAL STANDARD BOOK NUMBER
International Standard Book Number 9780323100021
050 ## - LIBRARY OF CONGRESS CALL NUMBER
Classification number RT 62 Coo
100 ## - MAIN ENTRY--PERSONAL NAME
Personal name Gosnell, Kelly
245 10 - TITLE STATEMENT
Title Adult health nursing. (7th edition)
Statement of responsibility, etc. by Kim Cooper and Kelly Gosnell
250 ## - EDITION STATEMENT
Edition statement 7th edition
260 ## - PUBLICATION, DISTRIBUTION, ETC.
Place of publication, distribution, etc. St. Louis, Missouri
Name of publisher, distributor, etc. Elsevier
Date of publication, distribution, etc. 2015
300 ## - PHYSICAL DESCRIPTION
Extent xvii, 876 pages : illustrations
650 #3 - SUBJECT ADDED ENTRY--TOPICAL TERM
Topical term or geographic name entry element NURSING CARE
650 ## - SUBJECT ADDED ENTRY--TOPICAL TERM
Topical term or geographic name entry element PRACTICAL NURSING
650 ## - SUBJECT ADDED ENTRY--TOPICAL TERM
Topical term or geographic name entry element NURSING
700 ## - ADDED ENTRY--PERSONAL NAME
Personal name Cooper, Kim
995 ## -
-- MEDICAL LIBRARY OPEN ACCESS
-- 39.23
-- 904844
-- CBU-SCHOOL OF MEDICINE LIBRARY (Ndola)
-- RT 62 Coo
-- 1
-- AVAILABLE
-- Oct 29, 2020
-- 904844
-- Medical Library Open Access Collection
995 ## -
-- MEDICAL LIBRARY OPEN ACCESS
-- 39.23
-- 904845
-- CBU-SCHOOL OF MEDICINE LIBRARY (Ndola)
-- RT 62 Coo
-- 2
-- AVAILABLE
-- Oct 29, 2020
-- 904845
-- Medical Library Open Access Collection
995 ## -
-- MEDICAL LIBRARY OPEN ACCESS
-- 39.23
-- 904846
-- CBU-SCHOOL OF MEDICINE LIBRARY (Ndola)
-- RT 62 Coo
-- 3
-- AVAILABLE
-- Oct 29, 2020
-- 904846
-- Medical Library Open Access Collection
995 ## -
-- MEDICAL LIBRARY OPEN ACCESS
-- 39.23
-- 904848
-- CBU-SCHOOL OF MEDICINE LIBRARY (Ndola)
-- RT 62 Coo
-- 5
-- AVAILABLE
-- Oct 29, 2020
-- 904848
-- Medical Library Open Access Collection
995 ## -
-- MEDICAL LIBRARY OPEN ACCESS
-- 39.23
-- 904847
-- CBU-SCHOOL OF MEDICINE LIBRARY (Ndola)
-- RT 62 Coo
-- 4
-- AVAILABLE
-- Oct 29, 2020
-- 904847
-- Medical Library Open Access Collection
999 ## -
-- 63657
-- 63657
Holdings
Withdrawn status Lost status Source of classification or shelving scheme Damaged status Not for loan Permanent Location Current Location Shelving location Date acquired Total Checkouts Full call number Barcode Date last seen Copy number Price effective from Koha item type
          CBU-SCHOOL OF MEDICINE LIBRARY, NDOLA. CBU-SCHOOL OF MEDICINE LIBRARY, NDOLA.   01/25/2023   RT 62 Coo 904844 01/25/2023 1 01/25/2023 MONOGRAPH
          CBU-SCHOOL OF MEDICINE LIBRARY, NDOLA. CBU-SCHOOL OF MEDICINE LIBRARY, NDOLA.   01/25/2023   RT 62 Coo 904845 01/25/2023 2 01/25/2023 MONOGRAPH
          CBU-SCHOOL OF MEDICINE LIBRARY, NDOLA. CBU-SCHOOL OF MEDICINE LIBRARY, NDOLA.   01/25/2023   RT 62 Coo 904846 01/25/2023 3 01/25/2023 MONOGRAPH
          CBU-SCHOOL OF MEDICINE LIBRARY, NDOLA. CBU-SCHOOL OF MEDICINE LIBRARY, NDOLA.   01/25/2023   RT 62 Coo 904848 01/25/2023 4 01/25/2023 MONOGRAPH
          CBU-SCHOOL OF MEDICINE LIBRARY, NDOLA. CBU-SCHOOL OF MEDICINE LIBRARY, NDOLA.   01/25/2023   RT 62 Coo 904847 01/25/2023 5 01/25/2023 MONOGRAPH